000 00609nam a22002297a 4500
003 UA-OsUOA
001 95404
007 ta
008 20130227b un ||||| |||| 00| 0 ukr d
100 _aЕременко В.
090 _a821.161.1
_bЕ70
942 _cBK
040 _aUA-OsUOA
_brus
_cUA-OsUOA
_dUA-OsUOA
245 _aПоколение
_bроман в повестях
300 _a526 с.
955 _a2
041 _arus
080 _a821.161.1
260 _aМ.
_bПрофиздат
_c1984
650 7 _a82 Література. Літературознавство
_2UDC
999 _c381653
_d381653